000 01289nam0a22003851 4500
001 RU\NLR\bibl\170544
005 20250615175546.0
010 _a5-89737-079-6
_91400
021 _aRU
_b2001-9991
_9482
035 _a(NLR Aleph) 001341343
090 _a862776
_c862776
100 _a20010521d2000 |||y0rusy50 ca
101 0 _arus
102 _aRU
105 _aa |||||||||
200 1 _aЛексика китайского языка
_d汉语词汇
_e[Учеб.]
_fА. Л. Семенас
_zchi
210 _aМ.
_cМуравей
_d2000
215 _a312,[1] с.
_d21
300 _aТекст на кит., рус.
320 _aБиблиогр.: с. 293-311
606 0 _aКитайский язык
_jУчебные издания
_xЛексикология
_91339172
_3RU\NLR\auth\66557996
610 0 _aКитайский язык - Лексика
675 _a811.581'373
_v3
_zrus
686 _a16.41
_2rugasnti
686 _a81.2Кит-3
_2rubbk
686 _aШ171.1-93рус3-3
700 1 _aСеменас
_bА. Л.
_gАлла Леоновна
_4070
801 0 _aRU
_bRKP
_c20010521
_gPSBO
801 1 _aRU
_bRKP
_c20010521
801 2 _aRU
_bNLR
_c20011024
_grcr
852 _aNLR
_bОЛСАА-кит.
_j3-3028
942 _cBOOK
980 _aNB
980 1 _aCHIN